[Event "Chennai op 13th"]
[Site "Chennai"]
[Date "2022.06.22"]
[Round "5"]
[White "Srijit, Paul"]
[Black "Savchenko, Boris"]
[Result "1/2-1/2"]
[WhiteElo "2399"]
[BlackElo "2524"]
[PlyCount "109"]
[EventDate "2022.06.19"]
[EventType "swiss"]
[EventRounds "10"]
[EventCountry "IND"]
[SourceTitle "CBM 209 Extra"]
[Source "ChessBase"]
[SourceDate "2022.09.30"]
[SourceVersion "1"]
[SourceVersionDate "2022.09.30"]
[SourceQuality "1"]

1. e4 c5 2. Nf3 d6 3. d4 cxd4 4. Nxd4 Nf6 5. Nc3 a6 6. h3 e6 7. g4 h6 8. Bg2 Nc6 9. Nxc6 bxc6 10. e5 dxe5 11. Bxc6+ Bd7 12. Bxa8 Qxa8 13. Rg1 h5 14. g5 Nd5 15. Bd2 Ne7 16. Qe2 Ng6 17. 0-0-0 Bc6 18. Qc4 Be7 19. Be3 0-0 20. Bc5 Bxc5 21. Qxc5 Bg2 22. Qe3 h4 23. Ne2 Rc8 24. Rd2 Kh7 25. Re1 Bf3 26. Ng1 Bd5 27. Kb1 a5 28. Ne2 Bf3 29. Nc3 Qc6 30. Qa7 Bg2 31. Re3 Qc4 32. Ne2 Ra8 33. Qd7 a4 34. Qd3 Qxd3 35. Rdxd3 e4 36. Rd7 Ne5 37. Rc7 Rd8 38. Kc1 Bf3 39. b4 axb3 40. axb3 Ra8 41. Kb2 Kg6 42. Nd4 Bg2 43. Rc5 Nd7 44. Rb5 e5 45. Nc6 f6 46. gxf6 Kxf6 47. Nb4 g5 48. Nd5+ Kg6 49. Rb7 Rd8 50. Ne7+ Kf6 51. Nc6 Rc8 52. Na7 Rd8 53. Nc6 Rc8 54. Na7 Rd8 55. Nc6 1/2-1/2

[Event "Chennai op 13th"]
[Site "Chennai"]
[Date "2022.06.20"]
[Round "3"]
[White "Priyankara, Chamil Y"]
[Black "Srijit, Paul"]
[Result "0-1"]
[WhiteElo "1921"]
[BlackElo "2399"]
[PlyCount "50"]
[EventDate "2022.06.19"]
[EventType "swiss"]
[EventRounds "10"]
[EventCountry "IND"]
[SourceTitle "CBM 209 Extra"]
[Source "ChessBase"]
[SourceDate "2022.09.30"]
[SourceVersion "1"]
[SourceVersionDate "2022.09.30"]
[SourceQuality "1"]

1. d4 f5 2. g4 d5 3. gxf5 Bxf5 4. c4 e6 5. Nc3 Nc6 6. a3 Nf6 7. Bg5 h6 8. Bxf6 Qxf6 9. cxd5 Nxd4 10. e4 Bg6 11. Qa4+ c6 12. 0-0-0 Bc5 13. dxc6 bxc6 14. Nge2 Nxe2+ 15. Bxe2 0-0 16. f3 Kh8 17. Qc4 Be3+ 18. Kc2 e5 19. Rd7 Bf7 20. Qa6 Rab8 21. Rb7 Bd4 22. Rf1 Qf4 23. Qxc6 Qe3 24. Re1 Bxc3 25. bxc3 Rfd8 0-1

[Event "BAN-chT"]
[Site "Dhaka"]
[Date "2022.03.11"]
[Round "2.4"]
[White "Aditya, Mittal"]
[Black "Srijit, Paul"]
[Result "0-1"]
[WhiteElo "2487"]
[BlackElo "2419"]
[PlyCount "82"]
[EventDate "2022.03.10"]
[EventType "team-tourn"]
[EventRounds "11"]
[EventCountry "BAN"]
[SourceTitle "CBM 207 Extra"]
[Source "ChessBase"]
[SourceDate "2022.05.31"]
[SourceVersion "1"]
[SourceVersionDate "2022.05.31"]
[SourceQuality "1"]
[WhiteTeam "Shahin CC"]
[BlackTeam "Leonine CC"]
[WhiteTeamCountry "BAN"]
[BlackTeamCountry "BAN"]

1. d4 d5 2. c4 c6 3. Nf3 Nf6 4. Nc3 e6 5. Bg5 dxc4 6. e4 b5 7. e5 h6 8. Bh4 g5 9. Nxg5 hxg5 10. Bxg5 Nbd7 11. g3 Bb7 12. Bg2 Qb6 13. exf6 0-0-0 14. 0-0 c5 15. dxc5 Nxc5 16. Qe2 Bxg2 17. Kxg2 Qc6+ 18. f3 Bh6 19. Bxh6 Rxh6 20. b4 Nd3 21. Qe3 Rdh8 22. Rh1 Rxf6 23. a4 bxa4 24. Rxa4 Rxf3 25. Qe4 Rf2+ 26. Kg1 Qxe4 27. Nxe4 Rc2 28. Rxa7 Kb8 29. Rxf7 Rd8 30. h4 Rd4 31. Ng5 c3 32. Rf1 Rg4 33. Rh3 Rb2 34. h5 c2 35. h6 Rb1 36. h7 Rxf1+ 37. Kxf1 c1Q+ 38. Ke2 Qc2+ 39. Kf3 Ne5+ 40. Ke3 Qc3+ 41. Ke2 Ng6 0-1

[Event "BAN-chT"]
[Site "Dhaka"]
[Date "2022.03.10"]
[Round "1.3"]
[White "Srijit, Paul"]
[Black "Ghosh, Chanchal Kumer"]
[Result "1-0"]
[WhiteElo "2419"]
[BlackElo "2042"]
[PlyCount "61"]
[EventDate "2022.03.10"]
[EventType "team-tourn"]
[EventRounds "11"]
[EventCountry "BAN"]
[SourceTitle "CBM 207 Extra"]
[Source "ChessBase"]
[SourceDate "2022.05.31"]
[SourceVersion "1"]
[SourceVersionDate "2022.05.31"]
[SourceQuality "1"]
[WhiteTeam "Leonine CC"]
[BlackTeam "Titas CC"]
[WhiteTeamCountry "BAN"]
[BlackTeamCountry "BAN"]

1. e4 c5 2. Nf3 Nc6 3. d4 cxd4 4. Nxd4 Nf6 5. Nc3 e5 6. Ndb5 d6 7. Nd5 Nxd5 8. exd5 Nb8 9. a4 Be7 10. Be2 0-0 11. 0-0 f5 12. f4 a6 13. Na3 e4 14. Be3 b6 15. a5 b5 16. c4 Bf6 17. Qd2 Nd7 18. cxb5 axb5 19. Nxb5 Nc5 20. Ra3 Ba6 21. b4 Nd3 22. Bxd3 exd3 23. Bb6 Qe7 24. Nc7 Bd4+ 25. Kh1 Qe2 26. Qxe2 dxe2 27. Re1 Rfc8 28. Nxa8 Bb2 29. Rb3 Bc3 30. Rxc3 Rxc3 31. Nc7 1-0

[Event "Lorca op 10th"]
[Site "Lorca"]
[Date "2021.12.28"]
[Round "5"]
[White "Srijit, Paul"]
[Black "Fernandez Guillen, Ernesto J"]
[Result "1/2-1/2"]
[WhiteElo "2340"]
[BlackElo "2411"]
[PlyCount "99"]
[EventDate "2021.12.26"]
[EventType "swiss"]
[EventRounds "9"]
[EventCountry "ESP"]
[SourceTitle "CBM 205 Extra"]
[Source "ChessBase"]
[SourceDate "2022.01.31"]
[SourceVersion "1"]
[SourceVersionDate "2022.01.31"]
[SourceQuality "1"]

1. e4 c5 2. Nf3 d6 3. d4 cxd4 4. Nxd4 a6 5. c4 Nf6 6. Nc3 g6 7. Be2 Bg7 8. Be3 0-0 9. f3 Nc6 10. Qd2 Nxd4 11. Bxd4 Be6 12. 0-0 Rc8 13. b3 Nd7 14. Bxg7 Kxg7 15. f4 Nf6 16. Rac1 Qa5 17. Qb2 Kg8 18. Kh1 Bd7 19. Bf3 Bc6 20. Rce1 b5 21. b4 Qc7 22. e5 Bxf3 23. Rxf3 dxe5 24. fxe5 Nh5 25. c5 Rcd8 26. Qb3 Qc6 27. Rd1 Rxd1+ 28. Qxd1 Qe6 29. Qd5 Qxd5 30. Nxd5 Rd8 31. Rd3 Kf8 32. c6 Rc8 33. c7 Ng7 34. Rh3 h5 35. Rc3 Ne8 36. Rd3 Nxc7 37. Nb6 Re8 38. Nd7+ Kg7 39. Nc5 Ne6 40. Nxe6+ fxe6 41. Rc3 Rd8 42. h3 Rd2 43. Ra3 Rb2 44. Rxa6 Rxb4 45. Rxe6 Kf7 46. Rb6 Ra4 47. Rxb5 Rxa2 48. Kh2 h4 49. Rb4 g5 50. Re4 1/2-1/2

[Event "Lorca op 10th"]
[Site "Lorca"]
[Date "2021.12.27"]
[Round "3"]
[White "Srijit, Paul"]
[Black "Fier, Alexandr"]
[Result "0-1"]
[WhiteElo "2340"]
[BlackElo "2572"]
[PlyCount "162"]
[EventDate "2021.12.26"]
[EventType "swiss"]
[EventRounds "9"]
[EventCountry "ESP"]
[SourceTitle "CBM 205 Extra"]
[Source "ChessBase"]
[SourceDate "2022.01.31"]
[SourceVersion "1"]
[SourceVersionDate "2022.01.31"]
[SourceQuality "1"]

1. e4 c5 2. Nf3 d6 3. d4 cxd4 4. Nxd4 Nf6 5. Nc3 Nc6 6. Bc4 Qb6 7. Nde2 e6 8. 0-0 a6 9. a3 Be7 10. Ba2 Qc7 11. Ng3 b5 12. f4 h5 13. Qf3 Bb7 14. Nge2 0-0-0 15. Be3 Ng4 16. Kh1 g5 17. Bg1 gxf4 18. Nxf4 Kb8 19. Qe2 Nce5 20. Bb3 h4 21. h3 Nf6 22. Qe3 Qc5 23. Qd2 Qc6 24. Rae1 Rdg8 25. Qd4 Rg3 26. Nd3 Qc7 27. Nb4 Qc5 28. Qd2 Qc7 29. Qd4 Kc8 30. Re3 Rhg8 31. Rxg3 Rxg3 32. Bh2 Rg6 33. a4 bxa4 34. Bxa4 Qc4 35. Qxc4+ Nxc4 36. Bc6 d5 37. Bxb7+ Kxb7 38. Nd3 Nd2 39. Rf2 Ndxe4 40. Nxe4 dxe4 41. Ne5 Rg7 42. Rf4 e3 43. Kg1 e2 44. Nd3 Kc6 45. Rc4+ Kb5 46. Rc7 e1R+ 47. Nxe1 Bc5+ 48. Kh1 Ne4 49. Nd3 Bd4 50. Be5 Ng3+ 51. Kh2 Nf1+ 52. Kh1 Bxe5 53. Nxe5 Ne3 54. Ng4 Kb6 55. Rd7 Nxc2 56. Kg1 a5 57. Kf2 a4 58. Rd6+ Kb5 59. Rd7 Kb6 60. Rd6+ Kc5 61. Rd7 Nb4 62. Kf3 Nc6 63. Kf2 Rg8 64. Nf6 Rb8 65. Ne4+ Kb4 66. Rc7 Ne5 67. Ke2 f5 68. Nc3 Kb3 69. Rc5 Ng6 70. Rc6 Rb4 71. Nd1 Re4+ 72. Kf1 Nf4 73. Rc3+ Ka2 74. Rc2 Rd4 75. Ke1 Kb1 76. Rd2 Re4+ 77. Kf1 Kc1 78. Rd8 Nd5 79. Nf2 Re3 80. Ra8 Kd2 81. g4 hxg3 0-1

[Event "Benidorm op-A"]
[Site "Benidorm"]
[Date "2021.12.06"]
[Round "3"]
[White "Rajarishi, Karthi"]
[Black "Srijit, Paul"]
[Result "0-1"]
[WhiteElo "2207"]
[BlackElo "2340"]
[PlyCount "60"]
[EventDate "2021.12.04"]
[EventType "swiss"]
[EventRounds "9"]
[EventCountry "ESP"]
[SourceTitle "CBM 205 Extra"]
[Source "ChessBase"]
[SourceDate "2022.01.31"]
[SourceVersion "1"]
[SourceVersionDate "2022.01.31"]
[SourceQuality "1"]

1. d4 f5 2. e4 fxe4 3. Nc3 Nf6 4. Bg5 g6 5. f3 d5 6. fxe4 Nxe4 7. Nxe4 dxe4 8. Bc4 Nc6 9. Ne2 Na5 10. Bb3 Nxb3 11. axb3 Bg7 12. 0-0 Bf5 13. c3 0-0 14. Ng3 Rf7 15. b4 Qd5 16. Qe2 a6 17. Rae1 Raf8 18. Bc1 e5 19. dxe5 Bxe5 20. Bh6 Re8 21. Nxf5 gxf5 22. Qh5 Qe6 23. g4 Qg6 24. Qxg6+ hxg6 25. Kg2 Rh7 26. Bf4 Kf7 27. Kg3 Ke6 28. h4 Rg8 29. Bxe5 Kxe5 30. h5 Rf7 0-1

[Event "Benidorm op-A"]
[Site "Benidorm"]
[Date "2021.12.05"]
[Round "2"]
[White "Srijit, Paul"]
[Black "Grundekjon, Christian S"]
[Result "1-0"]
[WhiteElo "2340"]
[BlackElo "2111"]
[PlyCount "83"]
[EventDate "2021.12.04"]
[EventType "swiss"]
[EventRounds "9"]
[EventCountry "ESP"]
[SourceTitle "CBM 205 Extra"]
[Source "ChessBase"]
[SourceDate "2022.01.31"]
[SourceVersion "1"]
[SourceVersionDate "2022.01.31"]
[SourceQuality "1"]

1. e4 c5 2. Nf3 d6 3. d4 cxd4 4. Nxd4 Nf6 5. Nc3 a6 6. h3 e6 7. g4 b5 8. Bg2 Bb7 9. 0-0 Qc7 10. g5 Nfd7 11. f4 Nc6 12. Be3 Rc8 13. Re1 Be7 14. Nce2 e5 15. Nf5 g6 16. Nxe7 Nxe7 17. Qd2 exf4 18. Bxf4 Qc5+ 19. Kh2 Ne5 20. Rad1 Rd8 21. Nc1 0-0 22. Nd3 Qc7 23. Rf1 N7c6 24. Qf2 f6 25. Qh4 Nxd3 26. cxd3 fxg5 27. Bxg5 Rde8 28. Bh6 Rxf1 29. Rxf1 Qe7 30. Qxe7 Nxe7 31. Rf6 d5 32. Rb6 Bc8 33. exd5 Nf5 34. Bf4 Re2 35. Rb8 Nh4 36. Rxc8+ Kf7 37. d6 Rxg2+ 38. Kh1 Ke6 39. Re8+ Kd7 40. Re7+ Kd8 41. Rxh7 g5 42. Rxh4 1-0

[Event "Dhaka Sheikh Russel op"]
[Site "Dhaka"]
[Date "2021.10.21"]
[Round "3"]
[White "Srijit, Paul"]
[Black "Rios, Cristhian Camilo"]
[Result "1/2-1/2"]
[WhiteElo "2332"]
[BlackElo "2457"]
[PlyCount "61"]
[EventDate "2021.10.19"]
[EventType "swiss"]
[EventRounds "9"]
[EventCountry "BAN"]
[SourceTitle "CBM 204 Extra"]
[Source "ChessBase"]
[SourceDate "2021.11.30"]
[SourceVersion "1"]
[SourceVersionDate "2021.11.30"]
[SourceQuality "1"]

1. e4 c5 2. Nf3 Nc6 3. d4 cxd4 4. Nxd4 Nf6 5. Nc3 e5 6. Ndb5 d6 7. Bg5 a6 8. Na3 b5 9. Nd5 Be7 10. Bxf6 Bxf6 11. c4 b4 12. Nc2 0-0 13. h4 a5 14. g3 Be6 15. Bh3 a4 16. Kf1 b3 17. Nce3 Nd4 18. Kg2 Rb8 19. axb3 Rxb3 20. Qd2 Qb8 21. Nxf6+ gxf6 22. Ra2 Qb7 23. Nd5 Bxd5 24. cxd5 Rb8 25. Qh6 Rxb2 26. Rxb2 Qxb2 27. Re1 Qc3 28. Re3 Qc1 29. Qxf6 Rb1 30. Qg5+ Kf8 31. Qd8+ 1/2-1/2

[Event "Dhaka Sheikh Hasina op"]
[Site "Dhaka"]
[Date "2021.09.23"]
[Round "5"]
[White "Srijit, Paul"]
[Black "Aronyak, Ghosh"]
[Result "1/2-1/2"]
[WhiteElo "2312"]
[BlackElo "2440"]
[PlyCount "71"]
[EventDate "2021.09.19"]
[EventType "swiss"]
[EventRounds "9"]
[EventCountry "BAN"]
[SourceTitle "CBM 204 Extra"]
[Source "ChessBase"]
[SourceDate "2021.11.30"]
[SourceVersion "1"]
[SourceVersionDate "2021.11.30"]
[SourceQuality "1"]

1. e4 c5 2. Nf3 d6 3. d4 cxd4 4. Nxd4 Nf6 5. Nc3 a6 6. h3 e5 7. Nde2 h5 8. g3 Be6 9. Bg2 b5 10. 0-0 Nbd7 11. a4 b4 12. Nd5 Nxd5 13. exd5 Bf5 14. Bd2 Rb8 15. Qe1 Be7 16. Bxb4 Nf6 17. c3 a5 18. Ba3 Qd7 19. Kh2 Bd3 20. Qd2 Bc4 21. Rfe1 0-0 22. b4 Rfc8 23. bxa5 Ra8 24. f4 e4 25. Nd4 Bxd5 26. Bb4 Bb7 27. Bf1 d5 28. Bb5 Qc7 29. Rac1 Bf8 30. Nf5 g6 31. Bxf8 Rxf8 32. Qd4 Qd8 33. Ne3 Rxa5 34. c4 dxc4 35. Rxc4 Ba6 36. Rb1 1/2-1/2

[Event "FIDE World Uni Rapid-B 1st"]
[Site "Tornelo INT"]
[Date "2021.03.21"]
[Round "10"]
[White "Osmak, Iulija"]
[Black "Srijit, Paul"]
[Result "1/2-1/2"]
[WhiteElo "2428"]
[BlackElo "2312"]
[PlyCount "87"]
[EventDate "2021.03.20"]
[EventType "swiss (rapid)"]
[EventRounds "12"]
[EventCountry "NET"]
[SourceTitle "CBM 201 Extra"]
[Source "ChessBase"]
[SourceDate "2021.05.31"]
[SourceVersion "1"]
[SourceVersionDate "2021.05.31"]
[SourceQuality "1"]

1. d4 f5 2. Qd3 d5 3. c4 e6 4. Bf4 Nf6 5. Nf3 c6 6. e3 Bd6 7. Nc3 Bxf4 8. exf4 dxc4 9. Qxc4 0-0 10. Bd3 Nd5 11. g3 b6 12. Qb3 Nxc3 13. bxc3 Qd5 14. Qxd5 exd5 15. Ne5 Rf6 16. Kd2 Ba6 17. Rhe1 Bxd3 18. Kxd3 Rd6 19. a4 Nd7 20. a5 b5 21. Re2 Rc8 22. Rae1 Kf8 23. Kc2 c5 24. Nxd7+ Rxd7 25. dxc5 Rxc5 26. Re8+ Kf7 27. Kb3 Rdc7 28. R8e3 a6 29. Rd3 Re7 30. Re5 Rxe5 31. fxe5 Ke6 32. f4 Rc4 33. Rd4 Rc8 34. h4 g6 35. Rd2 h6 36. Rd1 Rh8 37. Rh1 Rh7 38. Rh2 Rg7 39. Rh1 Rc7 40. Rd1 Rc4 41. Rd4 Rc8 42. Rd1 Rc4 43. Rd4 Rc8 44. Rd1 1/2-1/2

[Event "FIDE World Uni Rapid-B 1st"]
[Site "Tornelo INT"]
[Date "2021.03.20"]
[Round "5"]
[White "Srijit, Paul"]
[Black "Gallagher, Daniel GH"]
[Result "1-0"]
[WhiteElo "2312"]
[BlackElo "2205"]
[PlyCount "77"]
[EventDate "2021.03.20"]
[EventType "swiss (rapid)"]
[EventRounds "12"]
[EventCountry "NET"]
[SourceTitle "CBM 201 Extra"]
[Source "ChessBase"]
[SourceDate "2021.05.31"]
[SourceVersion "1"]
[SourceVersionDate "2021.05.31"]
[SourceQuality "1"]

1. e4 c5 2. Nf3 d6 3. d4 cxd4 4. Nxd4 Nf6 5. Nc3 g6 6. h3 Bg7 7. g4 Nc6 8. Nde2 Bd7 9. Bg2 h5 10. g5 Nh7 11. 0-0 Qc8 12. Kh2 h4 13. f4 Nf8 14. Nd5 Ne6 15. c3 Nc7 16. Ne3 f6 17. gxf6 Bxf6 18. Bd2 Be6 19. Rc1 Qd7 20. b4 g5 21. Nd5 g4 22. Nxf6+ exf6 23. Nd4 g3+ 24. Kg1 Bxh3 25. Nf5 Bxf5 26. exf5 0-0-0 27. Bh3 Rdg8 28. Rf3 g2 29. Be1 Rg7 30. Rc2 Qe8 31. Re2 Qh5 32. Qd3 Ne7 33. c4 Kb8 34. a4 Nc6 35. b5 Nd4 36. Rfe3 Nxe2+ 37. Rxe2 Rhg8 38. Re3 Qh6 39. Qd4 1-0

[Event "FIDE World Uni Blitz-D 1st"]
[Site "Tornelo INT"]
[Date "2021.03.13"]
[Round "6.3"]
[White "Paravyan, David"]
[Black "Srijit, Paul"]
[Result "0-1"]
[WhiteElo "2647"]
[BlackElo "2312"]
[PlyCount "92"]
[EventDate "2021.03.13"]
[EventType "swiss (blitz)"]
[EventRounds "10"]
[EventCountry "NET"]
[SourceTitle "EXT 2022"]
[Source "ChessBase"]
[SourceDate "2021.10.06"]
[SourceVersion "1"]
[SourceVersionDate "2021.10.06"]
[SourceQuality "1"]

1. e4 c5 2. Nc3 a6 3. g4 b5 4. Bg2 Bb7 5. d3 e6 6. Be3 d5 7. exd5 Nf6 8. g5 Nxd5 9. Nxd5 Bxd5 10. Bxd5 Qxd5 11. Qf3 Nc6 12. 0-0-0 Be7 13. h4 0-0 14. Qxd5 exd5 15. Nh3 Rae8 16. Bf4 f6 17. Rde1 c4 18. dxc4 dxc4 19. c3 fxg5 20. hxg5 Bc5 21. Rxe8 Rxe8 22. Rd1 Ne5 23. Bxe5 Rxe5 24. Rd8+ Kf7 25. Kd2 Be7 26. Rd7 Ke6 27. Ra7 Bxg5+ 28. f4 Rd5+ 29. Ke2 Bf6 30. Rxa6+ Kf5 31. Ra5 Kg4 32. Nf2+ Kxf4 33. a4 Re5+ 34. Kf1 bxa4 35. Rxa4 Kg3 36. Rxc4 Rf5 37. Rg4+ Kf3 38. Re4 h5 39. Re2 g5 40. Ne4 Be5 41. c4 h4 42. c5 h3 43. c6 h2 44. Nf2 Kg3 45. Re3+ Rf3 46. Rxf3+ Kxf3 0-1

[Event "FIDE World Uni Blitz-D 1st"]
[Site "Tornelo INT"]
[Date "2021.03.13"]
[Round "1.13"]
[White "Srijit, Paul"]
[Black "Mendez Cordoba, Yesua Leonel"]
[Result "1-0"]
[WhiteElo "2312"]
[BlackElo "1571"]
[PlyCount "33"]
[EventDate "2021.03.13"]
[EventType "swiss (blitz)"]
[EventRounds "10"]
[EventCountry "NET"]
[SourceTitle "EXT 2022"]
[Source "ChessBase"]
[SourceDate "2021.10.06"]
[SourceVersion "1"]
[SourceVersionDate "2021.10.06"]
[SourceQuality "1"]

1. e4 e6 2. d3 d5 3. Nd2 Nf6 4. Ngf3 Be7 5. c3 0-0 6. g3 b6 7. e5 Nfd7 8. Bg2 Bb7 9. 0-0 c5 10. Re1 Qc7 11. Nf1 Nc6 12. Bf4 Rae8 13. h4 Qc8 14. Bh3 Nd8 15. N1h2 f5 16. exf6 Bxf6 17. Ng4 1-0

[Event "Mumbai Wealth op 5th"]
[Site "Mumbai"]
[Date "2020.01.05"]
[Round "7"]
[White "Srijit, Paul"]
[Black "Puranik, Abhimanyu Sameer"]
[Result "0-1"]
[WhiteElo "2318"]
[BlackElo "2580"]
[PlyCount "82"]
[EventDate "2019.12.30"]
[EventType "swiss"]
[EventRounds "9"]
[EventCountry "IND"]
[SourceTitle "CBM 194 Extra"]
[Source "ChessBase"]
[SourceDate "2020.03.31"]
[SourceVersion "1"]
[SourceVersionDate "2020.03.31"]
[SourceQuality "1"]

1. e4 e5 2. Nf3 Nc6 3. Bc4 Bc5 4. c3 Nf6 5. d3 d6 6. h3 a6 7. Bb3 h6 8. Nbd2 Be6 9. Qe2 0-0 10. g4 d5 11. g5 Nh5 12. Nf1 dxe4 13. dxe4 Bxb3 14. axb3 hxg5 15. Nxg5 g6 16. Rg1 Qf6 17. Ne3 Nf4 18. Nd5 Bxf2+ 19. Kxf2 Nxd5+ 20. Kg3 Nf4 21. Qg4 Rad8 22. Bxf4 exf4+ 23. Qxf4 Rd3+ 24. Nf3 Qxf4+ 25. Kxf4 Nd8 26. Rad1 Ne6+ 27. Kg4 Nc5 28. Ng5 Rxd1 29. Rxd1 Re8 30. Kg3 a5 31. Rd4 Re5 32. h4 f6 33. b4 fxg5 34. bxc5 gxh4+ 35. Kxh4 Rxc5 36. Rd7 Kf8 37. Kg4 Ke8 38. Rg7 Rb5 39. Rxc7 Rxb2 40. Kg5 Rb6 41. c4 Kd8 0-1

[Event "Mumbai Wealth op 5th"]
[Site "Mumbai"]
[Date "2020.01.04"]
[Round "6"]
[White "Rahman, Ziaur"]
[Black "Srijit, Paul"]
[Result "1-0"]
[WhiteElo "2440"]
[BlackElo "2318"]
[PlyCount "101"]
[EventDate "2019.12.30"]
[EventType "swiss"]
[EventRounds "9"]
[EventCountry "IND"]
[SourceTitle "CBM 194 Extra"]
[Source "ChessBase"]
[SourceDate "2020.03.31"]
[SourceVersion "1"]
[SourceVersionDate "2020.03.31"]
[SourceQuality "1"]

1. d4 f5 2. c4 Nf6 3. e3 d6 4. Nf3 g6 5. b4 Bg7 6. Bb2 0-0 7. Be2 e6 8. Nc3 a5 9. b5 Qe7 10. 0-0 Nbd7 11. Rc1 b6 12. Na4 Ne4 13. Nd2 Bb7 14. Nxe4 fxe4 15. Bg4 Rae8 16. g3 Rf7 17. Qc2 c5 18. bxc6 Bxc6 19. Nc3 Nf6 20. Bh3 g5 21. Ba3 Bf8 22. Rb1 Qb7 23. Qb3 g4 24. Bg2 Rb8 25. Rfc1 d5 26. Bxf8 Rfxf8 27. cxd5 Bxd5 28. Qa3 Rfc8 29. Bf1 Kg7 30. Nb5 Ne8 31. Nc3 Nf6 32. h4 gxh3 33. Bxh3 Bc4 34. Qd6 Bd3 35. Ra1 Rc6 36. Qe5 Re8 37. Nb5 Bxb5 38. Qxb5 Rec8 39. Qg5+ Kf7 40. Rf1 Qc7 41. Rab1 Rg8 42. Qh4 Rg6 43. Rb5 Rc1 44. Re5 Rxf1+ 45. Kxf1 Qc4+ 46. Kg2 Qe2 47. Bxe6+ Kg7 48. Qf4 a4 49. Rf5 b5 50. Qc7+ Kh6 51. Bf7 1-0

[Event "Mumbai Wealth op 5th"]
[Site "Mumbai"]
[Date "2020.01.02"]
[Round "4"]
[White "Srijit, Paul"]
[Black "Rios, Cristhian Camilo"]
[Result "1-0"]
[WhiteElo "2318"]
[BlackElo "2505"]
[PlyCount "87"]
[EventDate "2019.12.30"]
[EventType "swiss"]
[EventRounds "9"]
[EventCountry "IND"]
[SourceTitle "CBM 194 Extra"]
[Source "ChessBase"]
[SourceDate "2020.03.31"]
[SourceVersion "1"]
[SourceVersionDate "2020.03.31"]
[SourceQuality "1"]

1. e4 c5 2. Nf3 d6 3. d4 cxd4 4. Nxd4 Nf6 5. Nc3 a6 6. h3 e6 7. g4 h6 8. Bg2 g5 9. Be3 Nbd7 10. Qe2 Ne5 11. 0-0-0 Qc7 12. f4 gxf4 13. Bxf4 b5 14. Rhf1 Nfd7 15. Qf2 Bb7 16. Bxe5 Nxe5 17. Qf6 Rh7 18. Nxe6 fxe6 19. Qxf8+ Kd7 20. Qf6 Qc5 21. Rf5 Qe3+ 22. Kb1 Nc4 23. Rf2 Qg5 24. Qd4 Qe5 25. b3 Qxd4 26. Rxd4 Ne5 27. Rfd2 Nf7 28. a4 bxa4 29. Nxa4 Kc7 30. e5 Bxg2 31. exd6+ Nxd6 32. Rxg2 e5 33. Rd5 Re7 34. Re2 e4 35. Rc5+ Kb7 36. Rh5 e3 37. Rxh6 Ne4 38. Kb2 Ng3 39. Re1 Rc8 40. Rf6 e2 41. Rf3 Nf1 42. Nc3 Ne3 43. Rxe2 Nd1+ 44. Kc1 1-0

[Event "Wch U18"]
[Site "Mumbai"]
[Date "2019.10.10"]
[Round "9"]
[White "Srijit, Paul"]
[Black "Om, Kharola"]
[Result "0-1"]
[WhiteElo "2317"]
[BlackElo "2328"]
[PlyCount "92"]
[EventDate "2019.10.02"]
[EventType "swiss"]
[EventRounds "11"]
[EventCountry "IND"]
[SourceTitle "EXT 2020"]
[Source "ChessBase"]
[SourceDate "2019.10.17"]
[SourceVersion "1"]
[SourceVersionDate "2019.10.17"]
[SourceQuality "1"]

1. e4 c5 2. Nf3 e6 3. d3 Nc6 4. g3 Nf6 5. Bg2 d5 6. Nbd2 Be7 7. 0-0 0-0 8. Re1 b5 9. c3 a5 10. Nf1 a4 11. Bg5 b4 12. a3 bxc3 13. bxc3 h6 14. Bf4 Bd7 15. e5 Ne8 16. h4 f5 17. exf6 Bxf6 18. Qd2 Na5 19. Rad1 Nb3 20. Qc2 Nc7 21. c4 Be8 22. N1h2 Ra7 23. Bh3 Kh8 24. Be5 Bh5 25. Bg4 Qe8 26. Bxf6 gxf6 27. cxd5 e5 28. Nd2 Bxg4 29. Nxg4 Nd4 30. Qxc5 Ncb5 31. Qb6 Qc8 32. Nxe5 Ra6 33. Ng6+ Kg7 34. Qxa6 Qxa6 35. Nxf8 Kxf8 36. Rc1 Qa5 37. Rc8+ Kf7 38. Rce8 Qxd2 39. R1e7+ Kg6 40. Rg8+ Kh5 41. Kg2 f5 42. Re3 Nc3 43. g4+ fxg4 44. Rf8 Nf3 45. Rfe8 Nxh4+ 46. Kg1 Qd1+ 0-1

[Event "Wch U18"]
[Site "Mumbai"]
[Date "2019.10.07"]
[Round "7"]
[White "Rahul, Srivatshav P"]
[Black "Srijit, Paul"]
[Result "1-0"]
[WhiteElo "2460"]
[BlackElo "2317"]
[PlyCount "75"]
[EventDate "2019.10.02"]
[EventType "swiss"]
[EventRounds "11"]
[EventCountry "IND"]
[SourceTitle "EXT 2020"]
[Source "ChessBase"]
[SourceDate "2019.10.17"]
[SourceVersion "1"]
[SourceVersionDate "2019.10.17"]
[SourceQuality "1"]

1. d4 f5 2. Nc3 d5 3. Bg5 g6 4. e3 Bg7 5. h4 c6 6. Bd3 Qb6 7. Rb1 Nd7 8. h5 h6 9. Bf4 g5 10. Bh2 Ndf6 11. Be5 Rh7 12. f3 e6 13. g4 Ne7 14. Nge2 Nd7 15. Bd6 Bf6 16. b4 Rf7 17. gxf5 Nxf5 18. Bxf5 exf5 19. e4 dxe4 20. fxe4 Be7 21. Bxe7 Rxe7 22. e5 Nf8 23. b5 Qa5 24. 0-0 Be6 25. Qd3 Rd8 26. bxc6 bxc6 27. Ng3 Rf7 28. Rf2 Nd7 29. Nxf5 Nxe5 30. Qe4 Kf8 31. d5 Bxf5 32. Qxe5 Qc5 33. Qh8+ Ke7 34. Rb7+ Bd7 35. d6+ Ke6 36. Qxh6+ Ke5 37. Qxg5+ Rf5 38. Qg7+ 1-0

[Event "Western Asia-ch U18"]
[Site "Delhi"]
[Date "2019.09.09"]
[Round "8"]
[White "Srijit, Paul"]
[Black "Thilakarathne, GM Harshana"]
[Result "1-0"]
[WhiteElo "2310"]
[BlackElo "2397"]
[PlyCount "169"]
[EventDate "2019.09.06"]
[EventType "swiss"]
[EventRounds "9"]
[EventCountry "IND"]
[SourceTitle "CBM 192 Extra"]
[Source "Chessbase"]
[SourceDate "2019.11.06"]
[SourceVersion "1"]
[SourceVersionDate "2019.11.06"]
[SourceQuality "1"]

1. e4 c5 2. Nf3 e6 3. d4 cxd4 4. Nxd4 Nc6 5. Nc3 Qc7 6. Be3 a6 7. Qd2 Nf6 8. f4 Bb4 9. Bd3 Na5 10. a3 Bxc3 11. Qxc3 Qxc3+ 12. bxc3 d5 13. exd5 exd5 14. Nb3 Nc4 15. Bd4 Ne4 16. Nc5 Nxc5 17. Bxc5 Bd7 18. 0-0-0 0-0-0 19. Bxc4 dxc4 20. Bb6 Rde8 21. Rd4 Bc6 22. Rxc4 Re4 23. Rxe4 Bxe4 24. Rd1 Bxg2 25. Rg1 Be4 26. Rxg7 Bg6 27. a4 Re8 28. f5 Bxf5 29. Rxf7 Bg6 30. Rc7+ Kb8 31. Rd7 Kc8 32. Rd4 Be4 33. a5 h5 34. h4 Bc6 35. Kb2 Rg8 36. Rd6 Re8 37. Rh6 Re5 38. Rd6 Rd5 39. Rh6 Kd7 40. c4 Rf5 41. Rh7+ Ke6 42. Kb3 Ke5 43. Bc7+ Ke4 44. Kb4 Kf3 45. Rg7 Be4 46. c3 Ke2 47. Re7 Kd3 48. Rd7+ Ke3 49. Re7 Kf3 50. Rd7 Kg4 51. Rd4 Kf3 52. Bd8 Bc6 53. Bg5 Kg3 54. Rd3+ Kg4 55. Re3 Rf3 56. Re1 Rf5 57. Rg1+ Kh3 58. Be7 Bg2 59. Re1 Kg4 60. Bd8 Kg3 61. Kb3 Rf8 62. Rd1 Bf3 63. Rd4 Re8 64. Kb4 Re3 65. Bg5 Re2 66. Kc5 Rb2 67. Kd6 Rb3 68. Rd3 Kf2 69. c5 Ra3 70. Bd8 Ke2 71. Rd4 Rxc3 72. Rf4 Rd3+ 73. Kc7 Bc6 74. Rf6 Ke3 75. Rxc6 bxc6 76. Be7 Ra3 77. Kxc6 Ke4 78. Kd7 Rxa5 79. c6 Ra2 80. c7 Rc2 81. c8Q Rxc8 82. Kxc8 a5 83. Kb7 a4 84. Kb6 Kf5 85. Kb5 1-0